000 00298nam a22001337a 4500
008 181022b xxu||||| |||| 00| 0 eng d
020 _a9780314023933
041 _aeng
080 _22nd
_a521
100 _a42
101 _aAST
245 _aIn Quest of the Universe
_cKuhn,K.F
942 _2udc
_cBK
999 _c50383
_d50383